000 00459nam a2200169Ia 4500
008 090711s9999 xx 000 0 und d
082 _b1500
100 _aसंगवई विजया
245 _aगंधबावरी
260 _c1980
300 _a82
600 _aसंगवई विजया
630 _aगंधबावरी
700 _aसंगवई विजया
730 _aगंधबावरी
942 _cBOOK
999 _c334378
_d334378